Premier League Managers 24/25 - Statistics

General Stats
  • This quiz has been taken 140 times
  • The average score is 14 of 20
Answer Stats
Hint Answer % Correct
Arsenal Mikel Arteta
96%
Man City Pep Guardiola
95%
Man United Erik Ten Hag
92%
Aston Villa Unai Emery
92%
Liverpool Arne Slot
91%
Newcastle Eddie Howe
82%
Chelsea Enzo Maresca
81%
Brentford Thomas Frank
79%
Everton Sean Dyche
77%
Tottenham Ange Postecoglou
75%
Nottingham Forest Nuno Espirito Santo
73%
Fulham Marco Silva
66%
Bournemouth Andoni Iraola
63%
Crystal Palace Oliver Glasner
63%
Leicester Steve Cooper
56%
West Ham Julen Lopetegui
55%
Ipswich Kieran McKenna
55%
Brighton Fabian Hurzeler
51%
Wolves Gary O'Neil
49%
Southampton Russell Martin
38%
No matching quizzes found
Score Distribution
Percent of People with Each Score
Percentile by Number Answered
Your Score History
You have not taken this quiz